PUSH technológia ako prostriedok notifikácie a synchronizácie mobilných klientov v reálnom čase

Guardado en:
Detalles Bibliográficos
Autor principal: Žiak, Slavomír, 1987- (Autor)
Otros Autores: Vilhan, Peter, 1984- (Orientador)
Formato: Manuscrito Libro
Lenguaje:eslovaco
Publicado: Bratislava : STU v Bratislave FIIT, 2011
Materias:
Acceso en línea:VAIS
Etiquetas: Agregar Etiqueta
Sin Etiquetas, Sea el primero en etiquetar este registro!

MARC

LEADER 00000ntm a22000003a 4500
001 stu232558
005 20150617230131.8
008 110730s2011----xo------------------slo-d
040 |a STU  |b slo 
041 0 |a slo 
044 |a xo 
100 1 |a Žiak, Slavomír,  |d 1987-  |4 aut  |u I300  |U FIIT Fakulta informatiky a informačných technológií  |T FIIT Ústav aplikovanej informatiky  |X 29589  |U I300  |Y 180  |7 A000029589 
242 0 0 |a Push technology as means of real-time notification and synchronization of mobile clients  |y eng 
245 1 |a PUSH technológia ako prostriedok notifikácie a synchronizácie mobilných klientov v reálnom čase 
260 |a Bratislava :  |b STU v Bratislave FIIT,  |c 2011 
300 |a 72 s 
650 7 |a počítačové a komunikačné systémy a siete  |2 stusub 
650 7 |a Computer and Communication Systems and Networks  |2 estusub 
700 1 |a Vilhan, Peter,  |d 1984-  |4 ths  |u I300  |U FIIT Fakulta informatiky a informačných technológií  |T FIIT Ústav aplikovanej informatiky  |X 22289  |U I300  |Y 180  |7 A000022289 
856 4 |a info a plný text  |u http://is.stuba.sk/zp/portal_zp.pl?podrobnosti=74789  |3 VAIS 
996 |b IDP158/11  |c I*DP158/11  |l II680  |s P  |a 0  |w stu232558_0001